[Event "Wch U14"]
[Site "Montesilvano"]
[Date "2023.11.18"]
[Round "6"]
[White "Pham, Tran Gia Phuc"]
[Black "Ljepic, Andrej"]
[Result "1-0"]
[WhiteElo "2386"]
[BlackElo "2236"]
[PlyCount "136"]
[EventDate "2023.11.13"]
[EventType "swiss"]
[EventRounds "11"]
[EventCountry "ITA"]
[SourceTitle "CB48_2023"]
[SourceDate "2023.11.29"]
[SourceVersion "1"]
[SourceVersionDate "2023.11.29"]
[SourceQuality "1"]

1. d4 d5 2. Bf4 e6 3. Nf3 Bd6 4. e3 Ne7 5. c3 c5 6. Bd3 Nbc6 7. Bg3 f5 8. dxc5 Bxc5 9. b4 Bd6 10. b5 Na5 11. Qa4 b6 12. Nbd2 Qc7 13. Qd4 0-0 14. Bxd6 Qxd6 15. Ne5 Bd7 16. 0-0 Be8 17. Rfc1 Nb7 18. c4 Nc5 19. Bf1 Rd8 20. Nb3 Ng6 21. Nxg6 hxg6 22. cxd5 e5 23. Qb4 Ne4 24. Qa4 a5 25. f3 Ng5 26. Nd2 Qf6 27. Qc4 Bf7 28. e4 Nh3+ 29. gxh3 Qg5+ 30. Kh1 Qxd2 31. Qe2 Qf4 32. Bg2 Be8 33. Rc3 Bd7 34. Qe3 Qxe3 35. Rxe3 fxe4 36. fxe4 Rc8 37. a4 Rf2 38. Kg1 Rcc2 39. Rg3 Kf7 40. Raa3 Ra2 41. Bf1 Rxa3 42. Rxa3 Rc2 43. h4 Ke7 44. Rg3 Be8 45. h5 Kf6 46. Bh3 Rc1+ 47. Kf2 Rc2+ 48. Ke1 Ke7 49. hxg6 Rxh2 50. Bf5 Rc2 51. Rh3 Rc4 52. Rh8 Bd7 53. Rg8 Bxf5 54. exf5 Re4+ 55. Kf2 Rf4+ 56. Ke3 Rxf5 57. Ke4 Rg5 58. Rxg7+ Kd6 59. Rb7 Rg4+ 60. Kf5 Rg1 61. Rxb6+ Kxd5 62. Rb8 Rf1+ 63. Kg5 Rg1+ 64. Kf6 Rf1+ 65. Ke7 Rg1 66. Rd8+ Ke4 67. Rd6 Kf5 68. Rf6+ Ke4 1-0

[Event "SRB-chT 2nd League"]
[Site "Novi Sad"]
[Date "2023.11.06"]
[Round "7.3"]
[White "Mijatovic, Dejan"]
[Black "Ljepic, Andrej"]
[Result "0-1"]
[WhiteElo "2185"]
[BlackElo "2236"]
[PlyCount "74"]
[EventDate "2023.11.02"]
[EventType "team-tourn"]
[EventRounds "11"]
[EventCountry "SRB"]
[SourceTitle "CB46_2023"]
[SourceDate "2023.11.15"]
[SourceVersion "1"]
[SourceVersionDate "2023.11.15"]
[SourceQuality "1"]
[WhiteTeam "Stara Pazova"]
[BlackTeam "Car Uros Jazak"]
[WhiteTeamCountry "SRB"]
[BlackTeamCountry "SRB"]

1. Nf3 Nf6 2. d4 e6 3. Bf4 c5 4. e3 b6 5. Bd3 Bb7 6. Nbd2 Be7 7. h3 d6 8. 0-0 0-0 9. Qb1 Nbd7 10. c3 Qc7 11. e4 e5 12. dxe5 dxe5 13. Bh2 Rfe8 14. Nc4 Bf8 15. Ne3 g6 16. c4 a6 17. a4 Bh6 18. Nd5 Nxd5 19. exd5 Bg7 20. g4 b5 21. axb5 axb5 22. Rxa8 Rxa8 23. cxb5 Bxd5 24. Be4 Qb7 25. Bxd5 Qxd5 26. Rd1 Qxf3 27. Rxd7 h6 28. b6 Rb8 29. Rd3 Qc6 30. Qc2 Rxb6 31. Rc3 Rb5 32. b4 Rxb4 33. Rxc5 Qf3 34. Rc3 Qb7 35. Qd2 Rd4 36. Qe2 Qd5 37. Re3 Rd1+ 0-1

[Event "SRB-chT Premier"]
[Site "Bajina Basta"]
[Date "2023.09.20"]
[Round "3.4"]
[White "Perunovic, Miodrag"]
[Black "Ljepic, Andrej"]
[Result "1-0"]
[WhiteElo "2384"]
[BlackElo "2263"]
[PlyCount "83"]
[EventDate "2023.09.18"]
[EventType "team-tourn"]
[EventRounds "11"]
[EventCountry "SRB"]
[SourceTitle "EXT 2024"]
[Source "ChessBase"]
[SourceDate "2023.10.10"]
[SourceVersion "1"]
[SourceVersionDate "2023.10.10"]
[SourceQuality "1"]
[WhiteTeam "Pozega"]
[BlackTeam "Kac Jugovic"]
[WhiteTeamCountry "SRB"]
[BlackTeamCountry "SRB"]

1. e4 e6 2. d4 d5 3. Nc3 dxe4 4. Nxe4 Nd7 5. Nf3 Ngf6 6. Nxf6+ Nxf6 7. c3 Be7 8. Bd3 0-0 9. 0-0 b6 10. Qe2 Bb7 11. Bf4 c5 12. dxc5 Bxc5 13. Rad1 Qc8 14. Ne5 Rd8 15. Bg5 Qc7 16. Rfe1 Bd6 17. f4 Be7 18. Kh1 Rf8 19. Nd7 Rfd8 20. Ne5 Rf8 21. c4 Rad8 22. Qf2 h6 23. Bh4 Ne4 24. Bxe4 Bxh4 25. Qxh4 Rxd1 26. Rxd1 Bxe4 27. Rd7 Qc5 28. Qe1 Ba8 29. b4 Qc8 30. Qd2 Be4 31. Qd4 f6 32. Qd6 Re8 33. Rc7 Qd8 34. Nf7 Qxd6 35. Nxd6 Rd8 36. Rc8 Rxc8 37. Nxc8 a5 38. a3 axb4 39. axb4 b5 40. cxb5 Kf8 41. b6 Bd5 42. Nd6 1-0

[Event "EU-ch U14 31st"]
[Site "Mamaia"]
[Date "2023.09.12"]
[Round "7"]
[White "Atoyan, Alberto"]
[Black "Ljepic, Andrej"]
[Result "1-0"]
[WhiteElo "1896"]
[BlackElo "2263"]
[PlyCount "151"]
[EventDate "2023.09.05"]
[EventType "swiss"]
[EventRounds "9"]
[EventCountry "ROU"]
[SourceTitle "EXT 2024"]
[Source "ChessBase"]
[SourceDate "2023.10.10"]
[SourceVersion "1"]
[SourceVersionDate "2023.10.10"]
[SourceQuality "1"]

1. d4 d5 2. c4 e6 3. Nf3 Nf6 4. g3 Be7 5. Bg2 0-0 6. 0-0 c6 7. Qd3 b6 8. Nc3 Ba6 9. b3 b5 10. cxb5 cxb5 11. Nxb5 Qb6 12. a4 Nc6 13. Bd2 Rfd8 14. Rfc1 Ne4 15. e3 Rac8 16. Bf1 Nb4 17. Bxb4 Bxb4 18. Qd1 Bb7 19. a5 Rxc1 20. Qxc1 Qa6 21. Nc3 Qd6 22. Nxe4 dxe4 23. a6 Bd5 24. Ne5 f6 25. Nc4 Qd7 26. Ra4 Bf8 27. Ra2 Qc6 28. Qb1 Rb8 29. Qc2 Rc8 30. Bg2 f5 31. Bf1 Qb5 32. Ra1 Qb4 33. Qa2 Qc3 34. Rb1 Rb8 35. Qa5 Qc2 36. Rb2 Qd1 37. Qc7 Bxc4 38. Qxc4 Rb6 39. Rc2 h6 40. Rc1 Qd2 41. Qc2 Qb4 42. Qc7 Qd2 43. Rc2 Qd1 44. Rc1 Qd2 45. Qc2 Qb4 46. Bc4 Kh7 47. Qd1 Rc6 48. Kg2 Be7 49. h4 Bf6 50. Qe2 g6 51. Rd1 Rd6 52. h5 g5 53. Qc2 Qa5 54. Bf1 Qd8 55. Rc1 Qe7 56. Qc7 Rd7 57. Qb8 Qf7 58. Rc8 Qxh5 59. Re8 Qf3+ 60. Kg1 f4 61. Qc8 fxg3 62. Qxd7+ Bg7 63. fxg3 Qxg3+ 64. Kh1 Qf3+ 65. Bg2 Qd1+ 66. Kh2 Qh5+ 67. Kg1 Qd1+ 68. Bf1 Qg4+ 69. Kf2 Qf3+ 70. Ke1 Qxe3+ 71. Be2 Qc1+ 72. Kf2 Qf4+ 73. Kg2 Qd2 74. Qb5 g4 75. Rxe6 Qf4 76. Qd5 1-0

[Event "EU-ch U14 31st"]
[Site "Mamaia"]
[Date "2023.09.11"]
[Round "6"]
[White "Ljepic, Andrej"]
[Black "Kiladze, Luka"]
[Result "1-0"]
[WhiteElo "2263"]
[BlackElo "2030"]
[PlyCount "143"]
[EventDate "2023.09.05"]
[EventType "swiss"]
[EventRounds "9"]
[EventCountry "ROU"]
[SourceTitle "EXT 2024"]
[Source "ChessBase"]
[SourceDate "2023.10.10"]
[SourceVersion "1"]
[SourceVersionDate "2023.10.10"]
[SourceQuality "1"]

1. d4 Nf6 2. Bg5 Ne4 3. Bf4 d5 4. Nd2 Nxd2 5. Qxd2 Bf5 6. Nf3 e6 7. e3 Bd6 8. Bg3 Nd7 9. Bd3 Bg6 10. Qe2 Nf6 11. Ne5 Bxd3 12. Nxd3 Qe7 13. f3 Bxg3+ 14. hxg3 Nd7 15. e4 Qg5 16. g4 dxe4 17. Qxe4 0-0-0 18. Qf4 Qa5+ 19. b4 Qa4 20. 0-0 f6 21. Rfe1 e5 22. dxe5 Qxc2 23. Qe3 Nb6 24. Nf2 fxe5 25. Qxe5 Qg6 26. Rac1 Rd7 27. Ne4 Kb8 28. Nc5 Rf7 29. a4 Rc8 30. Red1 h5 31. gxh5 Qh6 32. a5 Nd7 33. Nxd7+ Rxd7 34. Rxd7 Qxc1+ 35. Kf2 g6 36. hxg6 Qc2+ 37. Kg1 Qxg6 38. Qd4 a6 39. g4 Qg5 40. Kg2 Qh4 41. Qe5 Ka8 42. Re7 Qh6 43. Re8 Qd2+ 44. Kg3 Rxe8 45. Qxe8+ Ka7 46. Qe7 Qd1 47. g5 Kb8 48. Qe8+ Ka7 49. Qe3+ b6 50. axb6+ cxb6 51. Qe7+ Kb8 52. Kf4 Qd4+ 53. Qe4 Qd2+ 54. Kf5 Qd7+ 55. Qe6 Qd3+ 56. Kg4 Qd4+ 57. Qe4 Qd7+ 58. Kh4 Qd8 59. Qe5+ Kc8 60. Kh5 Qd1 61. Qf5+ Kd8 62. g6 Qh1+ 63. Kg5 Qg2+ 64. Kh6 Qh2+ 65. Qh5 Qd6 66. Qh4+ Kd7 67. Kh7 Qd3 68. Qe4 Qb5 69. Qg4+ Kc7 70. g7 Qd3+ 71. Qe4 Qd7 72. Kg6 1-0

[Event "Ustron op-A"]
[Site "Ustron"]
[Date "2023.08.19"]
[Round "9"]
[White "Ljepic, Andrej"]
[Black "Domalchuk Jonasson, Aleksandr"]
[Result "1/2-1/2"]
[WhiteElo "2202"]
[BlackElo "2412"]
[PlyCount "93"]
[EventDate "2023.08.11"]
[EventType "swiss"]
[EventRounds "9"]
[EventCountry "POL"]
[SourceTitle "CBM 215 Extra"]
[Source "ChessBase"]
[SourceDate "2023.09.30"]
[SourceVersion "1"]
[SourceVersionDate "2023.09.30"]
[SourceQuality "1"]

1. e4 c5 2. Nf3 d6 3. Bb5+ Bd7 4. Bxd7+ Nxd7 5. 0-0 Ngf6 6. Qe2 e6 7. c3 Be7 8. d4 0-0 9. Rd1 cxd4 10. cxd4 Rc8 11. Nc3 Nb6 12. h3 Qd7 13. Bg5 h6 14. Bh4 Rfd8 15. Rac1 a6 16. Qc2 Nc4 17. b3 Nb6 18. Qe2 d5 19. e5 Nh7 20. Bxe7 Qxe7 21. Qe3 Nf8 22. h4 Rc6 23. Ne2 Rdc8 24. Rxc6 Rxc6 25. Nf4 Qa3 26. Qd2 a5 27. Nd3 Nfd7 28. g4 a4 29. Rb1 axb3 30. axb3 Qa8 31. Kg2 Nf8 32. h5 Qd8 33. Ra1 Nbd7 34. Ra3 Rc8 35. Ra4 Rb8 36. Qb4 Qb6 37. Qa3 Qb5 38. Nf4 Qb6 39. Rb4 Qc7 40. Rb5 b6 41. Qe7 Qd8 42. Qd6 Rc8 43. Rb4 Qc7 44. Qe7 Qd8 45. Qd6 Qc7 46. Qe7 Qd8 47. Qd6 1/2-1/2

[Event "Ustron op-A"]
[Site "Ustron"]
[Date "2023.08.16"]
[Round "6"]
[White "Ljepic, Andrej"]
[Black "Subelj, Jan"]
[Result "0-1"]
[WhiteElo "2202"]
[BlackElo "2508"]
[PlyCount "82"]
[EventDate "2023.08.11"]
[EventType "swiss"]
[EventRounds "9"]
[EventCountry "POL"]
[SourceTitle "CBM 215 Extra"]
[Source "ChessBase"]
[SourceDate "2023.09.30"]
[SourceVersion "1"]
[SourceVersionDate "2023.09.30"]
[SourceQuality "1"]

1. e4 c5 2. c3 Nc6 3. Nf3 d5 4. exd5 Qxd5 5. d4 Nf6 6. Be3 Bg4 7. Be2 cxd4 8. cxd4 e6 9. Nc3 Bb4 10. 0-0 Qd6 11. h3 Bh5 12. a3 Ba5 13. Qb3 0-0 14. Rfd1 Rfd8 15. Rac1 Bb6 16. Na4 Bxf3 17. Bxf3 Nxd4 18. Bxd4 Bxd4 19. Qxb7 Rab8 20. Qc7 e5 21. Qxd6 Rxd6 22. Rc6 Rxc6 23. Bxc6 Rc8 24. Rc1 Ne4 25. Kf1 Nxf2 26. b4 Nd1 27. b5 Ne3+ 28. Kf2 Nc4+ 29. Kf3 Nxa3 30. Rd1 Nc4 31. g4 g6 32. Ke4 Nd6+ 33. Kf3 Kg7 34. Nc3 Nxb5 35. Nxb5 Rxc6 36. Nxd4 exd4 37. Rxd4 a5 38. Ra4 Rc5 39. Ke4 Rb5 40. Ra3 h5 41. Kf4 Rb4+ 0-1

[Event "Bohumin op-A 6th"]
[Site "Bohumin"]
[Date "2023.07.07"]
[Round "7"]
[White "Ljepic, Andrej"]
[Black "Pulpan, Jakub"]
[Result "0-1"]
[WhiteElo "2214"]
[BlackElo "2406"]
[PlyCount "84"]
[EventDate "2023.07.01"]
[EventType "swiss"]
[EventRounds "9"]
[EventCountry "CZE"]
[SourceTitle "CBM 215 Extra"]
[Source "ChessBase"]
[SourceDate "2023.09.30"]
[SourceVersion "1"]
[SourceVersionDate "2023.09.30"]
[SourceQuality "1"]

1. e4 e5 2. Bc4 Nf6 3. d3 c6 4. Nf3 d5 5. Bb3 Bd6 6. 0-0 Be6 7. Re1 Nbd7 8. Nc3 0-0 9. Bg5 Qb8 10. h3 b5 11. d4 dxe4 12. Nxe4 Nxe4 13. Bxe6 Nxf2 14. Kxf2 fxe6 15. Kg1 Qc7 16. Qe2 Rf5 17. Bh4 Re8 18. Kh1 exd4 19. Nxd4 Rf4 20. Nxe6 Rxh4 21. Nxc7 Rxe2 22. Rxe2 Bxc7 23. Re7 Rd4 24. Rf1 h6 25. g4 Be5 26. Rff7 Nb6 27. Rxa7 Rd2 28. Rfe7 Bf6 29. Re8+ Kh7 30. Re6 Bxb2 31. Rxc6 Nd5 32. Rc5 Rd1+ 33. Kg2 Nf4+ 34. Kf3 Bd4 35. Kxf4 Bxc5 36. Rb7 b4 37. Rb5 Bf8 38. Ke4 Rh1 39. Rh5 g5 40. Kd3 Rh2 41. h4 Rxh4 42. Rxh4 gxh4 0-1

[Event "Bohumin op-A 6th"]
[Site "Bohumin"]
[Date "2023.07.01"]
[Round "1"]
[White "Ljepic, Andrej"]
[Black "Mrazek, Roman1111"]
[Result "1-0"]
[WhiteElo "2214"]
[BlackElo "1955"]
[PlyCount "77"]
[EventDate "2023.07.01"]
[EventType "swiss"]
[EventRounds "9"]
[EventCountry "CZE"]
[SourceTitle "CBM 215 Extra"]
[Source "ChessBase"]
[SourceDate "2023.09.30"]
[SourceVersion "1"]
[SourceVersionDate "2023.09.30"]
[SourceQuality "1"]

1. e4 c5 2. Nf3 e6 3. c3 Nf6 4. e5 Nd5 5. Bc4 Nb6 6. Bb3 d6 7. exd6 Bxd6 8. d4 cxd4 9. cxd4 0-0 10. 0-0 Nc6 11. Nc3 Be7 12. Be3 Nb4 13. Rc1 N4d5 14. Qd3 Nxc3 15. bxc3 Nd5 16. Bc2 g6 17. Bh6 Re8 18. Ne5 Bf8 19. Bxf8 Rxf8 20. Qg3 Qf6 21. c4 Nb6 22. Be4 Rd8 23. Rfd1 Nd7 24. h4 Nxe5 25. dxe5 Qe7 26. Qg5 Qxg5 27. hxg5 Rf8 28. c5 Rb8 29. Rb1 b6 30. c6 Ba6 31. Rd7 Ra8 32. Rbd1 Bb5 33. Re7 Rac8 34. c7 Ba6 35. Rd4 Rfe8 36. Rxe8+ Rxe8 37. Rd8 Rf8 38. Bc6 Bc8 39. Bd7 1-0

[Event "SRB-ch sf"]
[Site "Novi Banovci"]
[Date "2023.02.08"]
[Round "4"]
[White "Jocev, Milan"]
[Black "Ljepic, Andrej"]
[Result "1/2-1/2"]
[WhiteElo "2307"]
[BlackElo "2136"]
[PlyCount "151"]
[EventDate "2023.02.06"]
[EventType "swiss"]
[EventRounds "9"]
[EventCountry "SRB"]
[SourceTitle "CBM 212 Extra"]
[Source "ChessBase"]
[SourceDate "2023.03.31"]
[SourceVersion "1"]
[SourceVersionDate "2023.03.31"]
[SourceQuality "1"]

1. d4 Nf6 2. c4 e6 3. g3 b6 4. Bg2 c6 5. e4 d5 6. e5 Nfd7 7. cxd5 cxd5 8. Nc3 Nc6 9. Nge2 Be7 10. 0-0 0-0 11. h4 a6 12. Nf4 Re8 13. Ncxd5 exd5 14. Bxd5 Ndb8 15. Qh5 Rf8 16. Be4 g6 17. Qh6 Qxd4 18. Nh5 Qxe5 19. Bg5 Bg4 20. Bxe7 Nxe7 21. Bxa8 Qxh5 22. Qxh5 gxh5 23. Rac1 Nd7 24. Bg2 Nc5 25. b4 Ne6 26. f3 Bf5 27. Rfd1 Rd8 28. Rxd8+ Nxd8 29. Bf1 Ndc6 30. a3 a5 31. bxa5 Nxa5 32. Kf2 Kg7 33. Ke3 Nd5+ 34. Kf2 Kf6 35. Bb5 Ke7 36. Re1+ Kd6 37. a4 Be6 38. Rc1 Nc7 39. Bd3 h6 40. Rb1 Bb3 41. g4 hxg4 42. fxg4 f6 43. Kg3 Nd5 44. Rf1 Bxa4 45. Be4 Nc3 46. Rxf6+ Ke5 47. Rxb6 Nxe4+ 48. Kh2 Nc6 49. g5 hxg5 50. hxg5 Ne7 51. g6 Nd6 52. g7 Ndf5 53. Rg6 Bb3 54. Rb6 Bf7 55. Rb7 Kf6 56. g8N+ Bxg8 57. Rb8 Bc4 58. Rb4 Bf7 59. Rb6+ Kg5 60. Rb7 Bh5 61. Rb4 Nd5 62. Rb8 Kf4 63. Rh8 Bg4 64. Rg8 Bf3 65. Ra8 Nde3 66. Ra4+ Kg5 67. Ra3 Kh4 68. Kg1 Bh5 69. Kf2 Nc2 70. Ra8 Kg5 71. Rh8 Bf7 72. Rf8 Bc4 73. Rc8 Bd3 74. Rc3 Be4 75. Rc4 Ncd4 76. Rxd4 1/2-1/2